Statistics for Counting 0-10 in European languages

Click here to take the quiz!

General Stats

  • This quiz has been taken 33 times
    (21 since last reset)
  • The average score is 48 of 71

Answer Stats

Language/numbersAnswer% Correct
3Três
100%
3Tres
100%
1Uno
100%
1Un (une)
100%
0Zéro
100%
0Zero
100%
2Dos
95%
1One
95%
6Six
95%
6Six
95%
8Eight
89%
5Five
89%
4Four
89%
9Nine
89%
8Ocho
89%
7Seven
89%
10Ten
89%
3Three
89%
2Two
89%
0Zero
89%
5Cinco
84%
5Cinco
84%
2Deux
79%
3Drei
79%
1Eins
79%
9Nueve
79%
3Trois
79%
4Vier
79%
4Vier
79%
10Diez
74%
5Fünf
74%
9Neun
74%
0Nul
74%
6Seis
74%
6Seis
74%
7Sieben
74%
7Siete
74%
2Zwei
74%
8Acht
68%
8Acht
68%
5Cinq
68%
10dix
68%
9Neuf
68%
4Quatre
68%
4Quatro
68%
6Sechs
68%
7Sept
68%
4Cuatro
63%
8Huit
63%
10Zehn
63%
0Null
53%
0Cero
47%
Portuguese{}
42%
French{}
42%
Spanish{}
42%
Dutch{}
42%
German{}
42%
10Dez
42%
2Dois
42%
9Nove
42%
8Oito
42%
7Sete
42%
1Um
42%
1Eén (één)
37%
2Twee
26%
3Drie
21%
9Negen
21%
10Tien
21%
5Vijf
21%
6Zes
21%
7Zeven
21%

Score Distribution

Percentile by Number Answered

Percent of People with Each Score

Your Score History

You have not taken this quiz since the last reset